banner-ar

تطبيقات الحاسب الالكترونى الصغير فى مصادر المياةالاولى (Record no. 6999)

MARC details
000 -الفاتح
حقل البيانات ثابتة الطول 00329nam a2200109Ia 4500
008 - عناصر البيانات ثابتة الطول - معلومات عامة
حقل البيانات ثابتة الطول 140319s9999 xx 000 0 ara d
040 ## - مصدر الفهرسة
وكالة الفهرسة الأصلية GCL /
وكالة النسخ GCL
082 04 - رقم تصنيف ديوى العشرى
رقم التصنيف 628011
رقم المادة ا ت
245 10 - بيان العنوان
العنوان تطبيقات الحاسب الالكترونى الصغير فى مصادر المياةالاولى
250 ## - بيان الطبعة
بيان الطبعة الاولى
Holdings
حالة التراجع حالة الفقد حالة تلف ليس للاعارة المكان المؤقت الموقع الحالى تاريخ الاكتساب اجمالي اﻻعارات رقم الطلب الباركود تاريخ اخر مشاهدة تاريخ تفعيل السعر نوع وعاء كوها
        مكتبة القاهرة الكبرى مكتبة القاهرة الكبرى 03/26/2014   628011\ ا ت 14613 03/26/2014 03/26/2014 كتاب

Powered By

EGPV